000 01110nam a2200253Ia 4500
001 16266
003 GE_BSU
008 181216s||||||||xx |||||||||||||| ||und||
020 _a978-9941-9344-5-2
040 _cGE_BSU
080 _a347.22(479.22)
100 _aბესარიონ ზოიძე, ლადო ჭანტურია, თამარ ზარანდია [და სხვ.]
245 _aსავარჯიშოები სამოქალაქო სამართლის ზოგად ნაწილსა და სანივთო სამართალში
245 _cსარედ. კოლ.: ბესარიონ ზოიძე [და სხვ.]
260 _aთბილისი
260 _bსამართალი
260 _c2014
300 _a230გვ; 20 სმ.
541 _h9ლ.
653 _aსამართალი
653 _aსამოქალაქო სამართალი;
653 _aსაქართველოს სანივთო სამართალი;
942 _cBK
999 _c49349
_d49349